| 000 | 00399pam a2200157a 44500 | ||
|---|---|---|---|
| 008 | 230515b2008 xxu||||| |||| 00| 0 eng d | ||
| 020 | _aNULL | ||
| 041 | _aENGLISH | ||
| 082 | _aNULL | ||
| 100 | _aI.S.I. | ||
| 245 | _aTHE FACTORIES ACT 1948 WITH THE MAHARASHTRA FACTORIES RULES 1963 ALONGWITH | ||
| 250 | _a1993 | ||
| 260 |
_aBOMBAY _bLEA AND FEBIGER. _c2008 |
||
| 300 | _a266 | ||
| 650 | _aNULL | ||
| 999 |
_c478511 _d478511 |
||